| 000 | 01120nam a2200277 a 4500 | ||
|---|---|---|---|
| 001 | 17085 | ||
| 003 | BD-RjUL | ||
| 005 | 20211209000103.0 | ||
| 008 | 190109s1941 dcu 000 0 eng | ||
| 035 | _a(BD-RjUL)17142 | ||
| 040 |
_aDLC _cOrPS _dOCoLC _dDLC _dBD-RjUL _beng |
||
| 041 | _aeng | ||
| 043 |
_ae-gx--- _ae-it--- _ae-ur--- |
||
| 082 |
_223 _a973 _bUNI 1941 |
||
| 110 | 1 |
_aUnited States. _bCongress. _bHouse. _bSpecial Committee on Un-American Activities _9226787 |
|
| 245 | 1 | 0 |
_aInvestigation of un-American propaganda activities in the United States : _bReport / _cUnited States. Congress. House. Special Committee on Un-American Activities ; Martin Dies |
| 260 |
_a[Washington: _bU.S. Govt. print. off., _c1941] |
||
| 300 |
_a25 p. _c24 cm. |
||
| 500 | _a Union calendar no. 1. "Pursuant to H. Res. 282, 75th Cong. and H. Res. 26, 76th Cong." Subcommitted by Dies. | ||
| 650 | 0 |
_aNational socialism. _9226788 |
|
| 650 | 0 |
_aPropaganda, German. _9226789 |
|
| 650 | 0 |
_aGermans _zUnited States. _9226790 |
|
| 650 | 0 |
_aPropaganda, Russian. _9226792 |
|
| 700 |
_aDies, Martin , jt. auth. _987372 |
||
| 942 |
_2ddc _cRAR |
||
| 999 |
_c17085 _d17085 |
||